Maria Casarès

Saved in:
Bibliografiske detaljer
Hovedforfatter: Dussane (Author)
Format: Bog
Sprog:fransk
Udgivet: París Calmann-Lévy 1953
Serier:Masques et Visages
Fag:
Tags: Tilføj Tag
Ingen Tags, Vær først til at tagge denne postø!

MARC

LEADER 00000nam a2200000 a 4500
001 UCU0331
003 CL-VaPUC
008 960322e19530000FR |||||||||||||||||fre|d
082 0 4 |a 927  |b DUS  |2 21 
100 0 |a Dussane  |e author  |9 355383 
245 1 0 |a Maria Casarès 
300 |a 137 p 
942 |c BK 
945 |d 19960322 00:00:00  |a rleighto 
260 |a París  |b Calmann-Lévy  |c 1953 
600 0 7 |a CASARES, MARIA  |2 CL-VaPUC  |9 355384 
650 0 |a Biografías  |9 255210 
650 0 |a Actrices   |9 350560 
583 |a last modification  |c 20170406 12:49:44  |k Rodrigo Vera 
490 0 |a Masques et Visages 
999 |c 245192  |d 245190 
952 |0 0  |1 0  |4 0  |6 927_000000000000000_DUS_1953  |7 0  |8 A  |9 259635  |a BIBEDU  |b BIBEDU  |d 2019-11-19  |i 318465K  |o 927 DUS 1953  |p 318465K  |r 2019-11-19  |w 2019-11-19  |y BK  |k LIT